<?xml version="1.0" encoding="UTF-8"?>
<collection xmlns="http://www.loc.gov/MARC21/slim">
 <record>
  <leader>03531nam a2200385 a 4500</leader>
  <controlfield tag="001">0006839</controlfield>
  <controlfield tag="003">BD-DhAAL</controlfield>
  <controlfield tag="008">090826s1998    xxu    f      000 0 eng d</controlfield>
  <datafield tag="020" ind1=" " ind2=" ">
   <subfield code="a">0194358003</subfield>
  </datafield>
  <datafield tag="040" ind1=" " ind2=" ">
   <subfield code="a">SFED:AD </subfield>
   <subfield code="b">eng </subfield>
   <subfield code="c">SFED:AD</subfield>
   <subfield code="d">BD-DhAAL</subfield>
  </datafield>
  <datafield tag="082" ind1="0" ind2="0">
   <subfield code="a">428.34</subfield>
   <subfield code="2">21</subfield>
  </datafield>
  <datafield tag="100" ind1="1" ind2=" ">
   <subfield code="a">Soars, Liz</subfield>
   <subfield code="9">40335</subfield>
  </datafield>
  <datafield tag="245" ind1="1" ind2="0">
   <subfield code="a">New headway english course. </subfield>
   <subfield code="p">Upper-intermediate student’s book /</subfield>
   <subfield code="c">Liz &amp; John Soars.</subfield>
  </datafield>
  <datafield tag="260" ind1=" " ind2=" ">
   <subfield code="a">Oxford :</subfield>
   <subfield code="b">Oxford University Press, </subfield>
   <subfield code="c">1998.</subfield>
  </datafield>
  <datafield tag="300" ind1=" " ind2=" ">
   <subfield code="a">159 pages:</subfield>
   <subfield code="b">illustrations (some colors), ports. ; </subfield>
   <subfield code="c">28 cm</subfield>
  </datafield>
  <datafield tag="526" ind1=" " ind2=" ">
   <subfield code="a">EL-Pro</subfield>
   <subfield code="x">Shadia Alam
Senior Manager, Human Resources Department</subfield>
  </datafield>
  <datafield tag="541" ind1="1" ind2=" ">
   <subfield code="e">16072, 16073, 16920</subfield>
   <subfield code="a">Friends' Book Corner</subfield>
  </datafield>
  <datafield tag="650" ind1=" " ind2="0">
   <subfield code="a">English language </subfield>
   <subfield code="x">Spoken English </subfield>
   <subfield code="x">Study and teaching.</subfield>
   <subfield code="9">40336</subfield>
  </datafield>
  <datafield tag="650" ind1=" " ind2="0">
   <subfield code="a">English language </subfield>
   <subfield code="x">Sound recordings for foreign speakers.</subfield>
   <subfield code="9">40337</subfield>
  </datafield>
  <datafield tag="650" ind1=" " ind2="0">
   <subfield code="a">English language </subfield>
   <subfield code="x">Study and teaching</subfield>
   <subfield code="9">40338</subfield>
  </datafield>
  <datafield tag="700" ind1="1" ind2=" ">
   <subfield code="a">Soars, John</subfield>
   <subfield code="9">40339</subfield>
  </datafield>
  <datafield tag="852" ind1="4" ind2=" ">
   <subfield code="a">Ayesha Abed Library </subfield>
   <subfield code="c">General Stacks</subfield>
  </datafield>
  <datafield tag="942" ind1=" " ind2=" ">
   <subfield code="2">ddc</subfield>
   <subfield code="c">BK</subfield>
  </datafield>
  <datafield tag="999" ind1=" " ind2=" ">
   <subfield code="c">3660</subfield>
   <subfield code="d">3660</subfield>
  </datafield>
  <datafield tag="952" ind1=" " ind2=" ">
   <subfield code="0">0</subfield>
   <subfield code="1">0</subfield>
   <subfield code="2">ddc</subfield>
   <subfield code="4">0</subfield>
   <subfield code="6">428_340000000000000_SOA_1998</subfield>
   <subfield code="7">0</subfield>
   <subfield code="9">3323</subfield>
   <subfield code="a">BRACUL</subfield>
   <subfield code="b">BRACUL</subfield>
   <subfield code="c">GEN</subfield>
   <subfield code="d">2009-09-03</subfield>
   <subfield code="e">Friends' Book Corner</subfield>
   <subfield code="g">650.00</subfield>
   <subfield code="l">4</subfield>
   <subfield code="m">10</subfield>
   <subfield code="o">428.34 SOA</subfield>
   <subfield code="p">3010016073</subfield>
   <subfield code="r">2022-07-02</subfield>
   <subfield code="s">2022-06-20</subfield>
   <subfield code="t">6</subfield>
   <subfield code="v">1300.00</subfield>
   <subfield code="w">2009-09-03</subfield>
   <subfield code="y">BK</subfield>
   <subfield code="x">Requisitioned by Shadia Alam, Senior manager, HRD</subfield>
  </datafield>
  <datafield tag="952" ind1=" " ind2=" ">
   <subfield code="0">0</subfield>
   <subfield code="1">0</subfield>
   <subfield code="2">ddc</subfield>
   <subfield code="4">0</subfield>
   <subfield code="6">428_340000000000000_SOA_1998</subfield>
   <subfield code="7">0</subfield>
   <subfield code="9">9774</subfield>
   <subfield code="a">BRACUL</subfield>
   <subfield code="b">BRACUL</subfield>
   <subfield code="c">GEN</subfield>
   <subfield code="d">2010-05-05</subfield>
   <subfield code="e">Friends' Book Corner</subfield>
   <subfield code="g">760.00</subfield>
   <subfield code="l">8</subfield>
   <subfield code="m">9</subfield>
   <subfield code="o">428.34 SOA</subfield>
   <subfield code="p">3010016920</subfield>
   <subfield code="r">2022-06-30</subfield>
   <subfield code="s">2022-06-23</subfield>
   <subfield code="t">8</subfield>
   <subfield code="w">2010-05-05</subfield>
   <subfield code="y">BK</subfield>
   <subfield code="x">Requisitioned by Shadia Alam, Senior manager, HRD</subfield>
  </datafield>
  <datafield tag="952" ind1=" " ind2=" ">
   <subfield code="0">0</subfield>
   <subfield code="1">0</subfield>
   <subfield code="2">ddc</subfield>
   <subfield code="4">0</subfield>
   <subfield code="6">428_340000000000000_SOA</subfield>
   <subfield code="7">0</subfield>
   <subfield code="9">10128</subfield>
   <subfield code="a">BRACUL</subfield>
   <subfield code="b">BRACUL</subfield>
   <subfield code="c">GEN</subfield>
   <subfield code="d">2010-05-13</subfield>
   <subfield code="g">700.00</subfield>
   <subfield code="l">2</subfield>
   <subfield code="m">35</subfield>
   <subfield code="o">428.34 SOA</subfield>
   <subfield code="p">3010014109</subfield>
   <subfield code="r">2023-02-10</subfield>
   <subfield code="s">2022-06-09</subfield>
   <subfield code="t">2</subfield>
   <subfield code="w">2010-05-13</subfield>
   <subfield code="y">BK</subfield>
   <subfield code="x">Price available in register book.</subfield>
  </datafield>
  <datafield tag="952" ind1=" " ind2=" ">
   <subfield code="0">0</subfield>
   <subfield code="1">0</subfield>
   <subfield code="2">ddc</subfield>
   <subfield code="4">0</subfield>
   <subfield code="6">428_340000000000000_SOA</subfield>
   <subfield code="7">0</subfield>
   <subfield code="9">10129</subfield>
   <subfield code="a">BRACUL</subfield>
   <subfield code="b">BRACUL</subfield>
   <subfield code="c">GEN</subfield>
   <subfield code="d">2010-05-13</subfield>
   <subfield code="g">700.00</subfield>
   <subfield code="l">3</subfield>
   <subfield code="m">14</subfield>
   <subfield code="o">428.34 SOA</subfield>
   <subfield code="p">3010014110</subfield>
   <subfield code="r">2023-01-28</subfield>
   <subfield code="s">2022-12-24</subfield>
   <subfield code="t">3</subfield>
   <subfield code="w">2010-05-13</subfield>
   <subfield code="y">BK</subfield>
   <subfield code="x">Price available in register book.</subfield>
  </datafield>
  <datafield tag="952" ind1=" " ind2=" ">
   <subfield code="0">0</subfield>
   <subfield code="1">0</subfield>
   <subfield code="2">ddc</subfield>
   <subfield code="4">0</subfield>
   <subfield code="6">428_340000000000000_SOA_1998</subfield>
   <subfield code="7">0</subfield>
   <subfield code="9">10130</subfield>
   <subfield code="a">BRACUL</subfield>
   <subfield code="b">BRACUL</subfield>
   <subfield code="c">GEN</subfield>
   <subfield code="d">2010-05-13</subfield>
   <subfield code="e">Friends' Book Corner</subfield>
   <subfield code="g">650.00</subfield>
   <subfield code="l">5</subfield>
   <subfield code="m">23</subfield>
   <subfield code="o">428.34 SOA</subfield>
   <subfield code="p">3010016072</subfield>
   <subfield code="r">2019-12-11</subfield>
   <subfield code="s">2019-12-03</subfield>
   <subfield code="t">5</subfield>
   <subfield code="w">2010-05-13</subfield>
   <subfield code="y">BK</subfield>
   <subfield code="x">Requisitioned by Shadia Alam, Senior manager, HRD</subfield>
  </datafield>
  <datafield tag="952" ind1=" " ind2=" ">
   <subfield code="0">0</subfield>
   <subfield code="1">0</subfield>
   <subfield code="2">ddc</subfield>
   <subfield code="4">0</subfield>
   <subfield code="6">428_340000000000000_SOA_1998</subfield>
   <subfield code="7">0</subfield>
   <subfield code="9">10131</subfield>
   <subfield code="a">BRACUL</subfield>
   <subfield code="b">BRACUL</subfield>
   <subfield code="c">GEN</subfield>
   <subfield code="d">2010-05-13</subfield>
   <subfield code="e">Friends' Book Corner</subfield>
   <subfield code="g">650.00</subfield>
   <subfield code="l">5</subfield>
   <subfield code="m">11</subfield>
   <subfield code="o">428.34 SOA</subfield>
   <subfield code="p">3010016074</subfield>
   <subfield code="r">2022-06-30</subfield>
   <subfield code="s">2022-06-23</subfield>
   <subfield code="t">7</subfield>
   <subfield code="w">2010-05-13</subfield>
   <subfield code="y">BK</subfield>
   <subfield code="x">Requisitioned by Shadia Alam, Senior manager, HRD</subfield>
  </datafield>
  <datafield tag="952" ind1=" " ind2=" ">
   <subfield code="0">0</subfield>
   <subfield code="1">0</subfield>
   <subfield code="2">ddc</subfield>
   <subfield code="4">0</subfield>
   <subfield code="6">428_340000000000000_SOA_1998</subfield>
   <subfield code="7">0</subfield>
   <subfield code="9">10132</subfield>
   <subfield code="a">BRACUL</subfield>
   <subfield code="b">BRACUL</subfield>
   <subfield code="c">GEN</subfield>
   <subfield code="d">2010-05-13</subfield>
   <subfield code="e">Friends' Book Corner</subfield>
   <subfield code="g">760.00</subfield>
   <subfield code="l">8</subfield>
   <subfield code="m">25</subfield>
   <subfield code="o">428.34 SOA</subfield>
   <subfield code="p">3010016922</subfield>
   <subfield code="r">2022-06-30</subfield>
   <subfield code="s">2022-06-23</subfield>
   <subfield code="t">10</subfield>
   <subfield code="w">2010-05-13</subfield>
   <subfield code="y">BK</subfield>
   <subfield code="x">Requisitioned by Shadia Alam, Senior manager, HRD</subfield>
  </datafield>
  <datafield tag="952" ind1=" " ind2=" ">
   <subfield code="0">0</subfield>
   <subfield code="1">0</subfield>
   <subfield code="2">ddc</subfield>
   <subfield code="4">0</subfield>
   <subfield code="6">428_340000000000000_SOA_1998</subfield>
   <subfield code="7">0</subfield>
   <subfield code="9">10133</subfield>
   <subfield code="a">BRACUL</subfield>
   <subfield code="b">BRACUL</subfield>
   <subfield code="c">GEN</subfield>
   <subfield code="d">2010-05-13</subfield>
   <subfield code="e">Friends' Book Corner</subfield>
   <subfield code="g">760.00</subfield>
   <subfield code="l">7</subfield>
   <subfield code="m">19</subfield>
   <subfield code="o">428.34 SOA</subfield>
   <subfield code="p">3010016921</subfield>
   <subfield code="r">2019-12-01</subfield>
   <subfield code="s">2019-11-06</subfield>
   <subfield code="t">9</subfield>
   <subfield code="w">2010-05-13</subfield>
   <subfield code="y">BK</subfield>
   <subfield code="x">Requisitioned by Shadia Alam, Senior manager, HRD</subfield>
  </datafield>
  <datafield tag="952" ind1=" " ind2=" ">
   <subfield code="0">0</subfield>
   <subfield code="1">0</subfield>
   <subfield code="2">ddc</subfield>
   <subfield code="4">0</subfield>
   <subfield code="6">428_340000000000000_SOA</subfield>
   <subfield code="7">0</subfield>
   <subfield code="9">10253</subfield>
   <subfield code="a">BRACUL</subfield>
   <subfield code="b">BRACUL</subfield>
   <subfield code="c">GEN</subfield>
   <subfield code="d">2010-05-17</subfield>
   <subfield code="g">700.00</subfield>
   <subfield code="l">2</subfield>
   <subfield code="m">2</subfield>
   <subfield code="o">428.34 SOA</subfield>
   <subfield code="p">3010014111</subfield>
   <subfield code="r">2022-10-18</subfield>
   <subfield code="s">2022-10-11</subfield>
   <subfield code="t">4</subfield>
   <subfield code="w">2010-05-17</subfield>
   <subfield code="y">BK</subfield>
   <subfield code="x">Price available in register book.</subfield>
  </datafield>
  <datafield tag="952" ind1=" " ind2=" ">
   <subfield code="0">0</subfield>
   <subfield code="1">0</subfield>
   <subfield code="2">ddc</subfield>
   <subfield code="4">0</subfield>
   <subfield code="6">428_340000000000000_SOA</subfield>
   <subfield code="7">0</subfield>
   <subfield code="9">54882</subfield>
   <subfield code="a">SCL</subfield>
   <subfield code="b">SCL</subfield>
   <subfield code="c">GEN</subfield>
   <subfield code="d">2015-07-09</subfield>
   <subfield code="e">Friednds' Book Corner</subfield>
   <subfield code="g">760.00</subfield>
   <subfield code="l">0</subfield>
   <subfield code="o">428.34 SOA</subfield>
   <subfield code="p">3020006839</subfield>
   <subfield code="r">2015-07-09</subfield>
   <subfield code="t">1</subfield>
   <subfield code="w">2015-07-09</subfield>
   <subfield code="y">BK</subfield>
  </datafield>
  <datafield tag="952" ind1=" " ind2=" ">
   <subfield code="0">0</subfield>
   <subfield code="1">0</subfield>
   <subfield code="2">ddc</subfield>
   <subfield code="4">0</subfield>
   <subfield code="6">428_340000000000000_SOA</subfield>
   <subfield code="7">0</subfield>
   <subfield code="9">61665</subfield>
   <subfield code="a">SCL</subfield>
   <subfield code="b">SCL</subfield>
   <subfield code="c">AV</subfield>
   <subfield code="d">2017-10-30</subfield>
   <subfield code="e">Friends' Book Corner</subfield>
   <subfield code="l">0</subfield>
   <subfield code="o">428.34 SOA</subfield>
   <subfield code="p">4020006839</subfield>
   <subfield code="r">2017-10-30</subfield>
   <subfield code="t">1</subfield>
   <subfield code="w">2017-10-30</subfield>
   <subfield code="y">AV</subfield>
  </datafield>
 </record>
</collection>
